| 000 | 00813cam a2200205 a 4500 | ||
|---|---|---|---|
| 001 | 000002903 | ||
| 005 | 20200929150259.0 | ||
| 008 | 770623s1975 ve 001 p spa | ||
| 010 | _a77464999 | ||
| 040 |
_aDO-SdBNP _bspa _cBNPHU |
||
| 082 |
_aV861.42 _bC822p |
||
| 100 | 1 |
_aCoronil Hartmann, Alfredo _d1943- _99223 |
|
| 245 | 1 | 0 |
_aPan de color y barro : _bpoemas / _cAlfredo Coronil Hartmann ; prólogo de Arturo Uslar Pietri. |
| 260 |
_aCaracas : _bMonte Avila, _c1975. |
||
| 300 |
_a96, [3] p. ; _c20 cm. |
||
| 500 | _aVarios de estos poemas fueron publicados en 1973, en rumano, con otras selecciones de la obra del autor de la poesía, bajo el título: Discurs impotriva umbrei. | ||
| 650 | 4 |
_aPoesía venezolana _94230 |
|
| 650 | 4 |
_aLiteratura venezolana _93816 |
|
| 700 | 1 |
_aUslar Pietri, Arturo _epról. _99224 |
|
| 999 |
_c2737 _d2737 |
||